000 00618nam a2200217 4500
003 OSt
005 20240628081111.0
006 a
008 240628b |||||||| |||| 00| 0 eng d
020 _a9780470505380
040 _aDWCL-Main lib.
_cOC
082 _aCirc. 339 OI51m 2011
100 _aOlney, Martha L.
245 _aMacroeconomics as a second language /
260 _aN.J. :
_bJohn Wiley & Sons, Inc.,
_cc2011.
300 _axvi,
_b334 p. : ill. ;
_c24 cm.
504 _aIncludes index.
650 _a1. Macroeconomics.
650 _a2. Macroeconomics-Terminology.
942 _2ddc
_n0
_cBK-CIRC
_kCirc.
999 _c1614
_d1614